| 000 | 01831nam2a2200253 4500 | ||
|---|---|---|---|
| 001 | RU\NLR\BIBL_A\012771396 | ||
| 005 | 20220606132737.0 | ||
| 010 |
_a978-5-7422-7396-7 _bч. 2 _940 |
||
| 021 |
_aRU _bКН-П-22-000414 _9КН-П-22-0027 |
||
| 035 | _a(NLR Aleph) 012771396 | ||
| 035 | _a(RuMoRGB)010955357 | ||
| 090 |
_a13093726 _c13093726 |
||
| 100 | _a20220422d2021 k y0rusy50 ca | ||
| 101 | 0 | _arus | |
| 102 | _aRU | ||
| 105 | _aa|||z|||1||z| | ||
| 200 | 0 | _aЧ. 2 | |
| 210 | _d2021 | ||
| 215 |
_a278 с. _cил. |
||
| 461 | 0 |
_1001RU\NLR\BIBL_A\012771387 _12001#$aБиотехнологии и безопасность в техносфере$eматериалы всероссийской конференции, 21-22 апреля 2021 года$fМинистерство науки и высшего образования Российской Федерации, Санкт-Петербургский политехнический университет Петра Великого [ПОЛИТЕХ, Инженерно-строительный институт]$gредакционная коллегия: А.В. Андреев [и др.]$vЧ. 2 _913093693 _cСанкт-Петербург _d2021 _fМинистерство науки и высшего образования Российской Федерации, Санкт-Петербургский политехнический университет Петра Великого [ПОЛИТЕХ, Инженерно-строительный институт] _nПолитех-Пресс _oматериалы всероссийской конференции, 21-22 апреля 2021 года _tБиотехнологии и безопасность в техносфере _y9785742273943 _vЧ. 2 |
|
| 942 | _cBOOK | ||
| 980 | _aNB | ||